MotoGP - Pilotes et Écuries 2024 - Statistiques

Statistiques générales
  • Ce quiz a été pris 1 755 fois
  • Le résultat moyen est 26 sur 33
Statistiques - réponses
Pilotes % Correct
Marc Márquez
94%
Álex Márquez
93%
Ducati Lenovo Team
93%
Fabio Quartararo
93%
Monster Energy Yamaha
92%
Johann Zarco
90%
Red Bull KTM Factory Racing
90%
Repsol Honda Team
90%
Pecco Bagnaia
89%
Jorge Martín
86%
Brad Binder
84%
Enea Bastianini
83%
Jack Miller
83%
Aprilia Racing
81%
Pedro Acosta
80%
Aleix Espargaró
79%
Álex Rins
79%
Prima Pramac Racing
78%
Franco Morbidelli
77%
Maverick Viñales
77%
GASGAS Factory Racing Tech3
76%
Joan Mir
76%
Marco Bezzecchi
76%
Pertamina Enduro VR46
76%
Gresini Racing
72%
Luca Marini
72%
Takaaki Nakagami
72%
Augusto Fernández
71%
Raúl Fernández
70%
Miguel Oliveira
68%
LCR Honda
66%
Fabio Di Giannantonio
64%
Trackhouse Racing
55%
Aucun quiz correspondant
Distribution des résultats
% des personnes avec chaque résultat
Percentile par nombre de réponses
Votre historique - résultats
Vous n’avez pas pris ce quiz